ՀՀ Գիտությունների ազգային ակադեմիայի հիմնարար գիտական գրադարան  =   Fundamental Scientific Library of NAS RA

Свитак : (Record no. 537380)

MARC details
000 -LEADER
fixed length control field 00618nas a22001817u 4500
005 - DATE AND TIME OF LATEST TRANSACTION
control field 20251104145027.0
008 - FIXED-LENGTH DATA ELEMENTS--GENERAL INFORMATION
fixed length control field 251104c1994 ci ||||| |||| 00| 0 srp|d
022 ## - INTERNATIONAL STANDARD SERIAL NUMBER
International Standard Serial Number 0354-7329
040 ## - CATALOGING SOURCE
Original cataloging agency AM-YEHGA
041 0# - LANGUAGE CODE
Language code of text/sound track or separate title srp
245 00 - TITLE STATEMENT
Title Свитак :
Remainder of title Књижевне новине /
Statement of responsibility, etc. Одг. уред. Милијан Деспотовић.
260 ## - PUBLICATION, DISTRIBUTION, ETC.
Place of publication, distribution, etc. Пожега :
Name of publisher, distributor, etc. Изд. радионица Свитак при КД Развигор,
Date of publication, distribution, etc. 1994-
300 ## - PHYSICAL DESCRIPTION
Extent number
310 ## - CURRENT PUBLICATION FREQUENCY
Current publication frequency quarterly
650 14 - SUBJECT ADDED ENTRY--TOPICAL TERM
Topical term or geographic name entry element Serbian literature
Form subdivision Journals
700 1# - ADDED ENTRY--PERSONAL NAME
Personal name Деспотовић, Милијан
Relator term edt
942 ## - ADDED ENTRY ELEMENTS (KOHA)
Source of classification or shelving scheme Universal Decimal Classification
Koha item type Շարունակական պաշար / Continuing Resource
Suppress in OPAC No
Holdings
Withdrawn status Lost status Source of classification or shelving scheme Damaged status Not for loan Collection Home library Current library Date acquired Serial enumeration / chronology Total checkouts Full call number Barcode Date last seen Price effective from Koha item type Public note
    Universal Decimal Classification     General Fundamental Scientific Library Fundamental Scientific Library 04/11/2025 2012, № 68-69   ИЖ 3958 FL0696798 04/11/2025 04/11/2025 Շարունակական պաշար / Continuing Resource 30 Days Loan
    Universal Decimal Classification     General Fundamental Scientific Library Fundamental Scientific Library 04/11/2025 2012, № 71-72   ИЖ 3958 FL0696799 04/11/2025 04/11/2025 Շարունակական պաշար / Continuing Resource 30 Days Loan


ՀՀ ԳԱԱ հիմնարար գիտական գրադարան
ՀՀ,Երևան 0019
Մարշալ Բաղրամյան 24/6
հեռախոս:(374-10) 52-47-50
Հետադարձ կապ

All site content, except where otherwise noted, is licensed under a
Creative Commons License